|
|
|
|
| LEADER |
01452nam a2200409 4500 |
| 001 |
9781787437630 |
| 003 |
UtOrBLW |
| 005 |
20180115124019.0 |
| 006 |
m o d |
| 007 |
cr un||||||||| |
| 008 |
180115s2018 enk ob 001 0 eng d |
| 020 |
|
|
|a 9781787437630
|q (e-book)
|
| 040 |
|
|
|a UtOrBLW
|b eng
|e rda
|c UtOrBLW
|d GrThAP
|
| 050 |
|
4 |
|a K3268.3
|b .S64 2018
|
| 072 |
|
7 |
|a LBBR
|2 bicssc
|
| 072 |
|
7 |
|a LAW051000
|2 bisacsh
|
| 080 |
|
|
|a 341.2
|
| 082 |
0 |
4 |
|a 342.083
|2 23
|
| 245 |
0 |
0 |
|a Special issue : cultural expert witnessing /
|c edited by Austin Sarat ; Leila Rodriguez.
|
| 264 |
|
1 |
|a Bingley, U.K. :
|b Emerald Publishing Limited,
|c 2018.
|
| 300 |
|
|
|a 1 online resource (xi, 184 pages).
|
| 336 |
|
|
|a text
|b txt
|2 rdacontent
|
| 337 |
|
|
|a computer
|b c
|2 rdamedia
|
| 338 |
|
|
|a online resource
|b cr
|2 rdacarrier
|
| 490 |
1 |
|
|a Studies in Law, Politics and Society,
|x 1059-4337 ;
|v volume 74
|
| 500 |
|
|
|a Includes index.
|
| 504 |
|
|
|a Includes bibliographical references.
|
| 588 |
0 |
|
|a Print version record
|
| 650 |
|
0 |
|a Asylum, Right of.
|
| 650 |
|
0 |
|a Evidence, Expert.
|
| 650 |
|
7 |
|a Law
|x International.
|2 bisacsh
|
| 650 |
|
7 |
|a International human rights law.
|2 bicssc
|
| 700 |
1 |
|
|a Sarat, Austin.
|
| 700 |
1 |
|
|a Rodriguez, Leila.
|
| 776 |
|
|
|z 9781787437647
|
| 830 |
|
0 |
|a Studies in law, politics, and society ;
|v v. 74.
|x 1059-4337
|
| 856 |
4 |
0 |
|u https://www.emerald.com/insight/publication/doi/10.1108/S1059-4337201874
|z Full Text via HEAL-Link
|